00764nam a2200205 i 4500001000700000003000900007005001700016007000300033008004100036100003400077245009600111260002900207300003200236490002300268700002700291830003100318852006800349999001900417952012200436121388ES-MaACL20250918063032.0t|070214s1953 fr r ||||1| fre d1 aMolière, d1622-167398187313aLe tartuffe ou l'imposteur / cMolière ; mise en scène et comentaires de Fernad Ledoux. aParis : bSeuil, c1953. a251 p., 2 lám. ; c18 cm.1 a"Mises en scène`1 aLedoux, Fernad.9711640 a"Mises en scène`9218745 aES-MaACLjC-27897 bR.56990 z.- Donat. José Antonio Llardent c121388d121388 00104070aATENEOMbATENEOMcDEPO2d2008-01-17eSCl0oC-27897p1126507r2023-02-23 00:00:00w2023-02-23yMONOGRAFIA